000 004530000a22001930004500
001 003245
003 MACL
005 20150913143108.0
008 150913b xxu||||| |||| 00| 0 eng d
040 _aMACL
_cMACL
041 _aEnglish
082 _a823/BHY
100 _aBhyrappa, S.L.
_910213
245 _aParva
_cS.L. Bhyrappa
260 _aBangalore
_c1994
_bSahitya Akademi,
350 _a200
650 _aFiction
_910734
942 _k823
_cBK
_2ddc
999 _c15150
_d15150